000 00250nam a2200097Ia 4500
008 170619s9999 xx 000 0 und d
100 _aCook- Robert
245 0 _aConcepts and Applications of Finite Element Analysis
260 _bWiley-India
260 _c2011
546 _aENGLISH
999 _c20596
_d20596